000 01134nam a2200313 a 4500
005 20191224041601.0
008 140227s1999 bl abdofr|||| 000 0 eng d
020 _a8587166085
040 _aCO-BoIAVH
_cCO-BoIAVH
041 0 _aeng
044 _abl
082 0 4 _a333.950981
_bM66f
110 2 _aBrazil
_bMinistry of Environment
_bSecretariat for Biodiversity and Forest
245 1 0 _aFirst national report for the convention on biological diversity Brazil
260 _aBrasilia :
_bMinistry of Environment,
_c1999.
300 _a272 páginas :
_bIlustraciones (algunas a color), mapas, gráficos, fotografías;
_c30 x 21 cm.
504 _aIncluye referencias bibliográficas páginas 235 - 256.
650 1 6 _aConvenio sobre diversidad biológica
650 2 6 _aConservación in situ
650 2 6 _aConservación ex situ
650 2 6 _aFauna
650 2 6 _aVegetación
650 _aImpacto ambiental
650 _aImpacto humano
650 _aLegislación
650 _aPolítica
650 _aCooperación internacional
942 _cLIBRO
_2ddc
999 _c1392
_d1392